00339nam a2200133Ia 4500008004100000020001500041041001200056082001600068100001800084245005600102260002500158300000800183650001400191221030s9999 xx 000 0 und d a0070590257 aEnglish a105.23bHub aJ. R. Hubbard 0aSchaum`s Data Structures with C++cby J. R. Hubbard bTMHaNew Delhic2005 a407 aComputers